000 00269nam a2200097Ia 4500
001 1000541
005 20250826230353.0
008 250824s9999 xx 000 0 und d
245 0 _aAYIN KARANLIK YÜZÜ İRUS UYGARLIĞI
_cNECATİ AKBABA
260 _bGENÇ DAMLA YAYINLARI
999 _c1000541
_d1000541